01213nam a2200337Ia 45000010005000000030009000050050017000140080027000310200015000580400022000730820030000950920008001251000043001332450065001762460049002412500006002902600043002963000029003395000038003685000070004065860053004765900026005296500035005556500027005908520006006178560040006239100041006639420012007049520142007169990017008587056DO-SdBNP20240705085245.0140604s 1977 dr 000 0 spa a9993432210 aBPMSUbspacBPMSU 4aRD863.44bD542a, 1977222 a 1 aDíaz Grullón, Virgilio,d1924-200114aLos Algarrobos tambien sueñan /cVirgilio Díaz Grullón14aLos Algarrobos también sueñan :bnovela  a  aSanto Domingo : bEditora Cole, c1977 a79 p. : bil. ;c20 cm.  a Premio Nacional de Novela, 1977 aIncluye datos biográficos del autor en la solapa de la cubierta aPremio Nacional Manuel de Jesús Galván, 1977 aInventariado, 2024/VM 4aNovela histórica dominicana  4aLiteratura dominicana  t1 3Archivo Digital Biblioteca Nacional a VMateo V. Control de calidad. BPMSU 2ddccBK 00102ddc40708CDaBPMETbBPMETd2018-02-13eChiqui V. FideliooBPMSU CD RD863.44 D542a 1977pBPMSU18020139r2018-02-13w2018-02-13yBK c13289d13289